1477 1547 1701 1348 1438 1076 1501 1510 1596 1432 1919 1898 1524 1738 1758 1695 1348 1452 1450 1176 1489 1887 1115 1531 1270 1016 1292 1701 1632 1785 1826 1626 1721 1223 1878 1058 1652 1357 1341 1478 1852 1800 1409 1961 1940 1431 1224 1940 1134 1115 1563 1380 1119 1983 1626 1071 1956 1621 1372 1405 1326 1077 1893 1495 1180 1040 1785 1958 1157 1364 1400 1259 1306 1721 1461 1991 1963 1337 1084 1884 1443 1007 1343 1131 1905 1283 1932 1661 1423 1917 1508 1672 1975 1327 1841 1324 1134 1511 1296 BCNSPRNW ULIB Ver.6.0+V

เปลี่ยนเป็นภาษาไทย

Change to English
 แสดงรายละเอียดบรรณานุกรม
  กลับหน้าหลัก

Brief Record : Get Marc (ISO 2709) : E-mail record : QR code < ปิดหน้าต่าง
LEADER : 00000nam 2200000uu 4500
001    13399129097
003     ULIB
008    250716s2566||||th 000 0 tha d
020    ^a9789740341277
050    ^aPE1130^bก117ภ
100 0  ^aกันยารัตน์ เกตุขำ.
245 0  ^aภาษาอังกฤษเพื่อการเขียนงานวิจัย =^bEnglish for Research Writing /^cกันยารัตน์ เกตุขำ.
246 3  ^aEnglish for research writing.
250    ^aพิมพ์ครั้งที่ 9.
260    ^aกรุงเทพฯ :^bสำนักพิมพ์จุฬาลงกรณ์มหาวิทยาลัย, ^c2566.
300    ^a248 หน้า :^bตาราง ;^c26 ซม.
505 0  ^a1. Writing Correct Sentences -- 2. Using Modifiers -- 3. Making Your Sentence Concise -- 4. Avoiding Sentence Problems -- 5. Academic Stylistic Features -- 6. Hedging -- 7. Writing Evaluative Stances -- 8. Using Tenses in Your Research Report -- 9. Linking Your Ideas into Paragraphs and Essays -- 10. Writing Your Abstract -- 11. Writing Citations.
505 0  ^a^tWriting correct sentences -- Using modifiers -- Making your sentence concise -- Avoiding sentence problems -- Academic stylistic features -- Hedging -- Writing evaluative stances -- Using tenses in your research report -- Linking your ideas into paragraphs and essays -- Writing your abstract -- Writing citations.
650  4 ^aภาษาอังกฤษ^xการเขียน
650  4 ^aภาษาอังกฤษ^xตำราสำหรับคนต่างชาติ
650 0  ^aการเขียนทางวิชาการ.
650 0  ^aการเขียนรายงาน.
650 0  ^aภาษาอังกฤษ^xการใช้ภาษา
650 0  ^aภาษาอังกฤษ^xไวยากรณ์
945    ^p270^l0^i011848
945    ^p270^l0^i011849
945    ^p270^l0^i011850
999    ^aประนอม เกษจรัล
รายการนี้ยังไม่มีแท็ก
คุณยังไม่ได้ล็อกอิน คุณสามารถมีกิจกรรมร่วมกับเว็บไซต์ได้ แต่ต้องล็อกอินก่อน ::
  ล็อกอิน

รายการสื่อสารสนเทศ

ลำดับที่ ประเภท เลขเรียก/บาร์โค้ด สถานที่ สถานะ
1. การศึกษาทั่วไป
หนังสือสำรอง
สถานะ=หนังสือสำรอง
PE1130 ก117ภ ฉ.1 
  Barcode: 011848
ห้องสมุดวิทยาเขตสวรรค์ประชารักษ์
►หนังสือทั่วไป
บนชั้น
2. การศึกษาทั่วไป
การศึกษาทั่วไป
PE1130 ก117ภ ฉ.2 
  Barcode: 011849
ห้องสมุดวิทยาเขตสวรรค์ประชารักษ์
►หนังสือทั่วไป
บนชั้น
3. การศึกษาทั่วไป
การศึกษาทั่วไป
PE1130 ก117ภ ฉ.3 
  Barcode: 011850
ห้องสมุดวิทยาเขตสวรรค์ประชารักษ์
►หนังสือทั่วไป
บนชั้น

รายการใกล้เคียง
    ผู้แต่ง [กันยารัตน์ เกตุขำ.]

    หัวเรื่อง [การเขียนทางวิชาการ.]
    หัวเรื่อง [การเขียนรายงาน.]
    หัวเรื่อง [ภาษาอังกฤษ การใช้ภาษา]

BibComment


ยังไม่เคยถูกคอมเมนท์

คอมเมนท์ทรัพยากรรายการนี้
  คอมเมนท์: ภาษาอังกฤษเพื่อก..


 Copyright 2026. Bcnsprnw @Library